Wiedza ogólna - geografia #11 - Statystyki

Ogólne statystyki
  • Ten quiz został rozwiązany 42 razy
  • Średni wynik to 3 z 5
Statystyki odpowiedzi
Opis Odpowiedź % Poprawnych
Jedyne państwa, do których można się dostać drogą lądową z Korei Północnej Korea Południowa|Chiny
97%
Najstarsze i jednocześnie najgłębsze jezioro na świecie Bajkał
81%
Jedna z dwóch wysp Polski Wolin|Uznam
72%
Państwo, które w języku angielskim brzmi tak samo jak jeden ze stanów USA Gruzja
53%
Państwo posiadające najdłuższy hymn na świecie Urugwaj
25%
Nie znaleziono quizów pasujących do podanych kryteriów
Rozkład punktacji
Procent ludzi z każdym wynikiem
Percentyl według liczby udzielonych odpowiedzi
Twoja historia wyników
Nie rozwiązałeś tego quizu